00747 2200253 4500001002100000005001700021008004100038035002400079082001200103090001900115100001900134245012000153250001100273260002500284300002400309500004800333650002200381700002000403700001900423850001500442980001500457985000600472999001500478YOGYA-0209000002270720090227023711.0 ind  0010-020900000022707 a300.072 a300.072bMyr O aMYRDAL, Gunnar aObyektivitas penelitian sosialcGunnar Myrdal ; diterjemahkan oleh, Victor I. Tanja ; disunting oleh, Aswab Mahasin aCet. 2 aJakartabLP3ESc1982 axix, 106 hlmc18 cm aJudul asli : Objectivity in social research aPenelitian sosial aTanja, Victor I aMahasin, Aswab aYOPDYOG(B) a01-27-2007 a1 a06A0014667